000 00625nam a2200205 4500
001 144597
003 ES-MaACL
005 20260220164609.0
007 t|
008 070214s1953 sp r ||||1| spa d
100 1 _aSimenon, Georges,
_d1903-1989
_9106467
245 1 3 _aEl muerto caído del cielo /
_cGeorges Simenon ; traducción de F. Cañameras.
260 _aBarcelona :
_bAymá,
_c1953.
300 _a183 p. ;
_c15 cm.
490 1 _aCol. albor
700 1 _aCanyameres, Ferran,
_d1898-1964
_934731
830 0 0 _aColección Albor
_9241746
852 _aES-MaACL
_jC-6308
_bR.35345
999 _c144597
_d144597